[Event "FRA-ch"]
[Site "Meribel"]
[Date "1998.08.25"]
[Round "12"]
[White "Bacrot, Etienne"]
[Black "Fressinet, Laurent"]
[Result "1-0"]
[WhiteElo "2555"]
[BlackElo "2455"]
[Annotator "Ribli,Z"]
[PlyCount "87"]
[EventDate "1998.08.14"]
[EventType "tourn"]
[EventRounds "15"]
[EventCountry "FRA"]
[EventCategory "10"]
[SourceTitle "CBM 067"]
[Source "ChessBase"]
[SourceDate "1998.11.30"]
[SourceVersion "2"]
[SourceVersionDate "1998.11.01"]
[SourceQuality "1"]

1. d4 Nf6 2. c4 e6 3. Nf3 d5 4. Nc3 dxc4 {Das ist die sogenannte
Wiener-Variante des Damengambits. Schwarz strebt nach lebendigem Figurenspiel.
Ribli.} 5. e4 Bb4 6. Bg5 c5 7. Bxc4 cxd4 8. Nxd4 Qa5 {Eine relativ neue
Fortsetzung. Schwarz gibt (noch) nicht das Läuferpaar auf, spielt ähnlich wie
in der Hauptvariante.} (8... Bxc3+ 9. bxc3 Qa5) 9. Bd2 Qc5 10. Bb5+ Bd7 11. Nb3
Qe7 $1 {Dieser Rückzug scheint mir besser als die Alternative 11...Qb6 zu sein.
} (11... Qb6 12. Bd3 O-O 13. O-O e5 (13... Nc6 14. a3 Be7 15. Be3 $14) (13...
Bc6 14. Be3 Qd8 15. f3 Bxc3 16. bxc3 Nbd7 17. Be2 $14) 14. Be3 Qd8 15. Nd5 $16
{Dautov,R-Levin,F/USSR 1987}) 12. Bd3 Nc6 13. O-O (13. a3 Bd6 14. Be3 a6 15.
O-O) 13... O-O 14. a3 Bd6 {[#]Es wäre meines Erachtens besser, den Läufer zu
tauschen, denn in der Partie muß Schwarz ihn früher oder später mit ...e6-e5
schlechtstellen.} (14... Bxc3 $5 15. Bxc3 e5 {Weiß besitzt das Läuferpaar,
aber sein Springer b3 und der Läufer c3 stehen nicht so gut.}) 15. f4 (15. Bg5
h6 16. Bh4 Bf4 17. Ne2 e5 18. Nxf4 exf4 19. f3 Be6 20. Bf2 Rfd8 21. Nc5 Ne5 22.
Qb1 Bc4 23. Rd1 Rac8 24. Bxc4 Nxc4 25. Rxd8+ Qxd8 26. Qc1 Ne3 27. Bxe3 fxe3 28.
Qxe3 b6 29. Nd3 Rc2 30. Rd1 {1-0 Kramnik,V-Lautier,J/Amber Blindfold 1998 (46)}
) (15. Qe2 $14) 15... e5 16. f5 {[%csl Yd4,Yd5]} Nd4 17. Bg5 {[%cal Gg5e7] Die
Felder d4 und d5 sind beiderseitig schwach. Dank der Fesselung des Springers
f6 steht Weiß besser.} Bc6 18. Nd2 $1 {[%cal Gd2c4,Gc4e3,Ge3d5] Weiß
verbessert seine Springerstellung.} (18. Na5 h6 19. Bh4 Bc7 20. Nxc6 bxc6 21.
Qa4 Bb6 22. Kh1 Qd6 23. Qb4 Rfd8 {0-1 Dorfman,J-Ekstroem,R/Fr-chT 1998 (76)})
18... Rfd8 $146 {[#]} (18... b5 19. Nd5 Bxd5 20. exd5 Bc5 21. Kh1 Rfd8 22. Ne4
$1 {1-0 Nikolic,P-Lautier,J/Amber Rapid 1998 (32)}) 19. Kh1 $1 {Ein guter
Prophylaxezug. Weiß räumt die Diagonale a7-g1.} Bc7 (19... h6 20. Bh4 Rac8 21.
Bc4 Bc5 22. Nd5 Bxd5 23. Bxd5 $14 {[%csl Gd5]}) 20. Bc4 Qd6 (20... h6 21. Bh4
$14 (21. Bxf6 Qxf6 22. Nd5)) 21. Bd5 $14 Rd7 (21... Bxd5 22. Nxd5 (22. Bxf6
Qxf6 23. Nxd5 Qd6 24. Qg4) 22... Nxd5 23. Bxd8 Rxd8 24. exd5 Qxd5 25. Rc1 $14 {
[%csl Gd4] Schwarz hat einen Bauern und die starke Springerstellung für die
Qualität.}) 22. Nc4 Qe7 (22... Qf8 23. Bxf6 gxf6 24. b4 $14 (24. Rc1) (24. Qg4+
)) 23. Qd3 Bd8 24. Qg3 Nh5 (24... Bc7) {[#]} 25. Qxe5 $1 {Weiß gibt zwei
Leichtfiguren gegen Turm und Bauer, aber seine Türme werden sehr aktiv.} Qxe5
26. Nxe5 Bxg5 (26... Rxd5 27. exd5 Bxg5 28. dxc6 $16) (26... Bxd5 27. Nxd7 Bxg5
28. Nxd5 $16) 27. Nxd7 Bxd7 28. Rad1 $16 {[%cal Gd1d7]} Bb5 (28... Nc6 29.
Bxf7+ Kxf7 30. Rxd7+ $16 {[%cal Rd7f7,Rd7b7]}) (28... Bf6 29. g4 $18) 29. Nxb5
Nxb5 30. Bc4 a6 (30... Nc7 31. Rd7 $18 {[%csl Rc7,Rg8][%cal Rd7f7,Rd7c7,Rc4f7,
Rf7h5]}) 31. a4 Na7 (31... Nc7 32. Rd7 $18) 32. Rd7 Nf6 33. Rxb7 (33. Rxf7 $5
Kh8 (33... Nxe4 34. Re7+) (33... Rc8 34. Be6) 34. e5 $16) 33... Nc6 34. Bxf7+
Kf8 (34... Kh8 35. Bd5 Nxd5 36. exd5 $16) 35. Bd5 Nxd5 36. exd5 Ne5 37. h3 Nc4
(37... Nd3 38. d6 $16 {[%csl Gd6]}) 38. Re1 Rd8 (38... Nd6 39. Rd7 Rd8 (39...
Nxf5 40. Rf1 g6 41. g4 Ke8 42. Rxh7 Ng3+ 43. Kg2 Nxf1 44. Rh8+) 40. Rxd8+ Bxd8
41. g4 $16 {Weiß hat Turm und drei Bauern für die beiden Leichtfiguren.}) 39.
b3 Nd2 40. Re6 Rc8 (40... Rxd5 41. Rxa6 Be7 42. Re6 Bd8 43. Rb8 Kf7 44. b4 $16)
41. Kg1 Rc2 (41... Rc1+ 42. Kf2 $1 (42. Kh2 $2 Nf1+ 43. Kg1 Be3+ 44. Rxe3 (44.
Kh1 Ng3+ 45. Kh2 Bf4) 44... Nxe3+ 45. Kf2 Nxd5 $19) 42... Rf1+ 43. Ke2 Rxf5 44.
d6 Rd5 45. d7 Be7 46. Rxa6 $18) 42. Rc6 Be3+ 43. Kh1 Nf1 $5 44. h4 $18 {
Schwarz gab auf. Er hat jetzt kein Dauerschach und ansonsten ist seine Lage
hoffnungslos.} (44. Rxc2 $2 Ng3+ 45. Kh2 Nf1+ $11 {Dauerschach}) (44. h4 Ng3+
45. Kh2 Nf1+ 46. Kh3 $18) 1-0

[Event "Krynica zt"]
[Site "Krynica"]
[Date "1998.09.02"]
[Round "1"]
[White "Kempinski, Robert"]
[Black "Acs, Peter"]
[Result "1-0"]
[WhiteElo "2545"]
[BlackElo "2500"]
[Annotator "Ribli,Z"]
[PlyCount "59"]
[EventDate "1998.09.02"]
[EventType "swiss"]
[EventRounds "9"]
[EventCountry "POL"]
[SourceTitle "CBM 067"]
[Source "ChessBase"]
[SourceDate "1998.11.30"]
[SourceVersion "2"]
[SourceVersionDate "1998.11.01"]
[SourceQuality "1"]

{[%mdl 136]} 1. d4 {Ftacnik} Nf6 2. c4 e6 3. Nf3 d5 4. Nc3 dxc4 {Das ist eine
Überraschung. Der junge Ungar spielt ansonsten praktisch immer die Slawische
Verteidigung. Ribli.} 5. e4 Bb4 6. Bg5 c5 7. Bxc4 cxd4 8. Nxd4 {Das ist die
Grundstellung der Wiener Variante. Weiß hat Entwicklungsvorteil, aber das
lebendige Figurenspiel bietet dem Schwarzen taktische Gegenchancen. Trotzdem
gilt das ganze System als ein wenig verdächtig.} Bxc3+ (8... Qa5 {Diese
Zugfolge ist heutzutage sehr populär.}) 9. bxc3 Qa5 10. Bb5+ Bd7 (10... Nbd7)
11. Bxf6 gxf6 (11... Qxc3+ $2 12. Kf1 gxf6 13. Rc1 $18 {[%csl Rc3,Re8][%cal
Rc1c8]}) 12. Qb3 {Weiß hat die bessere Bauernstruktur und es ist für Schwarz
schwierig, wie er den König aufstellen soll.} a6 (12... O-O 13. O-O Nc6 14. a4
Rfd8 15. Rad1 $14 {[%csl Rf6,Rf7,Rg8]}) 13. Be2 Nc6 14. O-O Qc7 (14... O-O 15.
Rad1 Qc7 16. Qb2 $14 {[%csl Rf6,Rf7,Rg8]}) 15. Qa3 {[%csl Re8][%cal Ga3f8] Der
Bauer c3 ist die einzige struturelle Schwäche des Weißen. Von größerer
Bedeutung ist da die schlechte schwarze Königsstellung in der Mitte. Besonders
in der praktischen Partie ist das sehr problematisch.} (15. Rab1 $5) (15. Rad1
{Ftacnik} O-O $1 (15... Rc8 16. Qb2 Nxd4 17. cxd4 Qc2 $11)) 15... Rc8 (15...
O-O-O 16. Rab1 $40 {[%csl Rc8]}) 16. Rad1 {[#]} (16. Rfd1 Na5 17. c4 Qc5 18.
Qg3 Ke7 (18... Nc6 19. Nb3 $16) 19. Nb3 Nxb3 20. axb3 $14) 16... Na5 (16... Qa5
17. Qb2 $14) (16... Ne5 17. f4 Nc4 18. Bxc4 Qxc4 19. Rf3 Qc5 $1 $13) (16... Rg8
17. Rfe1 Ne5 {1/2-1/2 Filippov,Y-Yakovich,Y/Nizhnij Novgorod 1998 (17)}) 17.
Rd3 (17. Qc1 {Ftacnik} Ke7 (17... e5 18. Nf5 Bxf5 19. exf5 Qxc3 20. Qh6 Ke7 21.
Bh5 Qc4 22. Rc1 Qa4 23. Qg7 Qxa2 24. Ra1 Qc4 25. Rxa5 Rcg8 26. Qh6 Rxg2+ 27.
Kxg2 Rg8+ {0-1 Friedman,A-Nickoloff,B/Toronto op/1998/ (42)}) 18. Qh6 Bc6 19.
Nxe6 Qe5 20. Nd4 Rcg8 21. f4 Qc5 22. Kh1 Rg6 23. Qh3 Bxe4 24. Bf3 Bxf3 25. Rxf3
Qc7 26. Nf5+ Kf8 27. Rfd3 Nc6 28. Rd7 {1-0 Piket,J-Topalov,V/WCh FIDE k.o. 1997
}) 17... Qc5 (17... Nc4 18. Qc1 Ke7 19. Rg3 Qa5 {'~~' Ftacnik.}) 18. Qc1 Rg8 $6
{[#]} (18... Ke7 19. Rfd1 (19. f4 $2 Bb5 20. Re3 Bxe2 21. Rxe2 Qxc3 22. Nc2
Rhd8 23. h3 Rd3 24. Kh2 Nc4 25. Qb1 Nd2 26. Qxb7+ Rc7 {Ftacnik: '0-1 Lobron,
E-Brunner,L/Garmisch/1994/' 0-1 Lobron,E-Brunner,L/Garmisch rapid 1994 (26)}) (
19. Kh1 Rhg8 20. f4 $36) 19... Ba4 20. Nb3 {'!?' Ftacnik.} Nxb3 21. axb3 Bxb3
22. Rd7+ Ke8 23. R1d4 e5 $13 {Beliavsky}) 19. g3 $146 {Ftacnik: 'Strange
novelty, since the queen badly wanted to land on h6.' [#] Weiß verteidigt den
potentiellen Angriffspunkt g2.} (19. Qh6 Ke7 (19... Qg5 20. Qh3 e5 21. Nf5 Bxf5
22. exf5 Qf4 23. Rfd1 $16 {[%csl Gd1,Gd3,Re8][%cal Gd1d8]}) 20. Rfd1 Rc7 (20...
Ba4 {Ftacnik} 21. Nxe6 $1 fxe6 22. Qxh7+ Ke8 23. Rd7 $18) 21. Qxh7 Rgc8 (21...
Qg5 {Ftacnik} 22. Rg3) 22. e5 {'!!' Ftacnik.} fxe5 (22... Qxe5 {Ftacnik} 23.
Re3 Qg5 24. Nf5+ $18) (22... f5 {Ftacnik} 23. Qh4+ Ke8 24. Nxe6 fxe6 25. Bh5+)
23. Qh4+ Ke8 (23... Kf8 {Ftacnik} 24. Nxe6+ fxe6 25. Qf6+ Ke8 26. Bh5#) 24.
Nxe6 $1 {1-0 Beliavsky,A-Lukacs,P/Oesterreich 1997 (24)}) 19... Nc4 {'?!'
Ftacnik.} (19... Ke7 20. Rfd1 (20. Qh6 $36) 20... Ba4 21. Re1 {[%csl Re7][%cal
Ge1e7]}) (19... e5 20. Nf5 (20. Nb3 Nxb3 21. axb3 Bc6 $11) 20... Bxf5 21. exf5
$14 {[%csl Re8]}) (19... Rg6 $5 {Ftacnik} 20. Qc2 $14) 20. Qh6 $40 {'!'
Ftacnik.} Ne5 (20... Ke7 21. f4 $40 {Das ist stets eine Idee: Weiß möchte mit
e4-e5 angreifen.} (21. Rb1 {Ftacnik} Bc6 22. Qh4 $16) 21... e5 22. fxe5 Qxe5 (
22... fxe5 23. Qf6+ $18 {[%csl Re7,Gf1,Gf6,Rf7]}) 23. Qxh7 Rh8 24. Nf5+ Bxf5
25. Qxf5 $16 {Weiß hat einen Mehrbauern. Schwarz ist ohne Kompensation, aber
die Verwertung ist noch schwierig.}) 21. Re3 $1 {[%cal Ge3e8]} Ke7 22. f4 Nc6 (
22... Nc4 23. Bxc4 Qxc4 24. e5 $16 {[%csl Gd4,Ge5,Re7,Gf1,Gh6]}) 23. Rd1 Qb6 (
23... e5 24. fxe5 fxe5 25. Nb3 {[%csl Rc5,Re7]} Qa3 {Die Dame muß auf der
a3-f8-Diagonale bleiben, sonst gewinnt Weiß sofort mit 26.Qd6+.} 26. Qh4+ Ke8
27. Qxh7 $16) 24. e5 $16 {'!' Ftacnik. Ftacnik: 'Black king in the center is
just such a greatful object of an attack.'} Rg6 (24... fxe5 25. fxe5 {Ftacnik}
(25. Nf5+ Kd8 (25... exf5 26. Qd6+ Ke8 27. Qxd7+ Kf8 28. Qxc8+ Kg7 29. Qxf5
Qxe3+ 30. Kf1 exf4 31. Rd7 $14) 26. Qf6+ Kc7 27. Rxd7+ Kb8 (27... Kxd7 28.
Qxf7+ Kd8 29. Qxg8+ Kc7 30. Qxe6 $18) 28. Nd4 exd4 29. cxd4 $13) 25... Qc5 26.
Rf1 Rcf8 27. Bh5 $16) 25. Qxh7 {Schwarz hat kein Gegenspiel für den Bauern,
weil sein König in der Mitte schlecht steht.} fxe5 (25... Nxd4 26. cxd4 $16)
26. fxe5 Nxd4 27. cxd4 Be8 (27... Ba4 28. Rf1 {[%csl Rf7]} Rf8 29. Qh4+ $16)
28. Rb3 $1 {[%csl Rb6,Re7]} Qa7 (28... Qc7 29. Bh5 Qc2 {[%cal Gc2h7] Es droht
30...Rxg3 mit Damengewinn.} (29... Rg5 {Ftacnik} 30. Bf3 (30. h4 Rf5 31. Bg4
Qc2 32. Rxb7+ Bd7 33. d5 Rf1+ 34. Kxf1 Qxh7 35. dxe6 $18) 30... Bb5 31. Qh4
Rcg8 32. Qf4 $18) 30. Rxb7+ Kd8 (30... Kf8 31. Qh8+ Rg8 32. Qf6 $18) 31. Rxf7)
29. Bh5 $18 Rg5 30. Bf3 $1 {[%csl Ra7,Rb7,Re7,Rg5][%cal Rb3b7,Rb7e7,Rb7a7,
Rh7h4,Rh4e7] Und Schwarz gab angesichts der Doppeldrohung auf.} (30. Bf3 Bc6 (
30... Bb5 31. Qh4 Rcg8 32. a4 Bc6 33. Bxc6 bxc6 34. Rdb1 $18 {[%cal Rb1b7,
Rb7e7,Rb7a7,Rh4e7]}) 31. Qh4 Rcg8 32. Bxc6 bxc6 33. Rdb1 $18 {[%cal Rb1b7,
Rb7e7,Rb7a7,Rh4e7]}) 1-0

[Event "EU-chT (Men) 15th"]
[Site "Gothenburg"]
[Date "2005.08.01"]
[Round "3.2"]
[White "Jobava, Baadur"]
[Black "Aronian, Levon"]
[Result "0-1"]
[WhiteElo "2621"]
[BlackElo "2724"]
[Annotator "Ribli,Z"]
[PlyCount "76"]
[EventDate "2005.07.30"]
[EventType "team-swiss"]
[EventRounds "9"]
[EventCountry "SWE"]
[SourceTitle "CBM 109"]
[Source "ChessBase"]
[SourceDate "2005.11.14"]
[SourceVersion "1"]
[SourceVersionDate "2005.11.14"]
[SourceQuality "1"]
[WhiteTeam "Georgia"]
[BlackTeam "Armenia"]
[WhiteTeamCountry "GEO"]
[BlackTeamCountry "ARM"]

1. d4 Nf6 2. c4 e6 3. Nf3 d5 4. Nc3 dxc4 5. e4 Bb4 6. Bg5 c5 7. e5 {Diese
Fortsetzung ist nicht so populär, wie die Hauptvariante 7.Bxc4.} h6 8. exf6
hxg5 9. fxg7 Rg8 10. dxc5 {Dieser Zug führt zu Vereinfachungen, wonach Schwarz
bequemes und ausgeglichenes Spiel erhält. Die Alternative 10.Qc2 führt zu
spannendem Kampf.} Qxd1+ 11. Rxd1 (11. Kxd1 Rxg7 12. Ne4 Nd7 13. a3 (13. Nexg5
Bxc5 14. h4 b5 $17) 13... Bxc5 14. Nxc5 Nxc5 15. Bxc4 $11) 11... Rxg7 12. Bxc4
Nc6 13. Ke2 (13. O-O Bxc5 14. Ne4 Be7 15. g4 Bd7 16. Nd6+ Bxd6 17. Rxd6 Ke7 18.
Rfd1 Be8 {1/2-1/2 Goldin,A-Nielsen,P/Moscow 2001/CBM 86/[Heine Nielsen] (35)})
13... Bxc5 14. Ne4 Be7 $11 {Schwarz hat das Läuferpaar und keine Schwächen;
Weiß hingegen hat Entwicklungs- und Raumvorteil.} 15. h4 $2 {[%mdl 16384] Das
ist ein gewönlicher Zug in solchen Stellungen, aber hier weniger günstig, da
Schwarz seinen g7-Turm aktivieren kann.} (15. Bb5 Bd7 16. Nd6+ Bxd6 17. Rxd6 g4
$15) (15. g4 f5 16. gxf5 exf5 17. Nd6+ Bxd6 18. Rxd6 $11) (15. Nd6+ Bxd6 16.
Rxd6 g4 17. Ne1 $11 (17. Nd4 Ne5 18. b3 Ke7 19. Rd1 Nxc4 20. bxc4 Kxd6 21. Nf5+
Kc5 22. Nxg7 b6 $17)) (15. h3 $5 $11) 15... gxh4 {[%cal Gg7g2]} 16. Bb5 (16.
Nxh4 $4 Rg4 $19 {[%cal Rg4h4,Rg4e4]}) 16... Bd7 (16... Rxg2 $5 17. Ne5 Kf8 18.
Nxc6 (18. Bxc6 bxc6 19. Nxc6 Bb7 20. Nxe7 Bxe4 21. Rxh4 f5 22. Rd7 (22. Rh7 f4
$19) 22... Ke8 23. Rc7 Kd8 24. Rxe4 fxe4 25. Rb7 $17) 18... bxc6 19. Bxc6 Rb8
$17) 17. Kf1 O-O-O $17 {Endlich steht der schwarze König in Sicherheit und er
hat einen Bauern mehr.} 18. Be2 (18. Nxh4 Rg4 {[%cal Rg4h4,Rg4e4]} (18... f5)
19. Nd6+ Kc7 20. Nxf7 Rxh4 21. Rxh4 Bxh4 22. Nxd8 Bxd8 $17) 18... Nb4 {[%cal
Gd7c6]} 19. Nxh4 (19. a3 Bc6) 19... Rh7 (19... Bc6 $5 {Bei materiellem
Gleichgewicht hat Schwarz eine sehr aktive Stellung.}) 20. a3 (20. g3 Bc6 21.
Rxd8+ Kxd8 22. Bf3 Nxa2) 20... Bc6 (20... Rxh4 21. Rxh4 Bxh4 22. axb4 Be7 $17)
21. Rxd8+ Kxd8 22. Ng3 (22. f3 Nd5) 22... Rxh4 23. Rxh4 Bxh4 24. axb4 Bf6 {
[%mdl 4096]} (24... Bxg3 25. fxg3 Ke7 $15) 25. b3 (25. b5 Bd5 26. b4 Bc3 $17)
25... b5 $1 {[%csl Rb3,Rb4] Auf diese Weise blockiert Schwarz die weißen
Bauern auf der b-Linie.} 26. Bd3 (26. Bh5 Ke7 $17) 26... Be7 27. Ne2 a6 (27...
Bxb4 28. Nd4) 28. Nd4 Bd5 29. g4 Bxb4 30. Nc2 Bc3 (30... Be7) 31. b4 Bf3 (31...
Bb3) 32. g5 Ke7 33. Ne1 Bd5 34. Nc2 Bd2 35. g6 f5 $19 {[%csl Rg6]} 36. Ke2 Bc3
37. Ne3 Bb3 38. Bc2 Ba2 0-1

[Event "EU-chT (Men) 15th"]
[Site "Gothenburg"]
[Date "2005.08.03"]
[Round "5.2"]
[White "Eljanov, Pavel"]
[Black "Gustafsson, Jan"]
[Result "1-0"]
[WhiteElo "2639"]
[BlackElo "2614"]
[Annotator "Ribli,Z"]
[PlyCount "125"]
[EventDate "2005.07.30"]
[EventType "team-swiss"]
[EventRounds "9"]
[EventCountry "SWE"]
[SourceTitle "CBM 109"]
[Source "ChessBase"]
[SourceDate "2005.11.14"]
[SourceVersion "1"]
[SourceVersionDate "2005.11.14"]
[SourceQuality "1"]
[WhiteTeam "Ukraine"]
[BlackTeam "Germany"]
[WhiteTeamCountry "UKR"]
[BlackTeamCountry "GER"]

1. d4 Nf6 2. c4 e6 3. Nf3 d5 4. Bg5 Bb4+ 5. Nc3 dxc4 6. a3 {Eine Nebenvariante,
womit Weiß den Läufertausch auf c3 forciert und das Läuferpaar behält.} (6. e4)
6... Bxc3+ 7. bxc3 Nbd7 {Dieser Springerzug wird selten gespielt, die
Alternative 7...b5 ist populärer.} (7... Qd5 8. Bxf6 gxf6 9. Nd2 Nd7 10. e4 Qa5
11. Qf3 $2 (11. Qc1 $5 b5 $140 $6 12. a4 $14) 11... b5 12. e5 Rb8 13. exf6 Bb7
14. Qg3 Nxf6 15. Qe5 Qxc3 16. Rd1 Ke7 {0-1 Rau,J-Aronian,L/Bad Wiessee 2002/
EXT 2003/(38)}) (7... c6 8. g3 Nbd7 9. Bg2 Qa5 10. Qc2 Ne4 11. Bd2 Nxd2 12.
Nxd2 Nb6 13. O-O O-O 14. e4 Rd8 15. Rfe1 c5 16. d5 Bd7 {0-1 Eljanov,P-Bauer,C/
Biel 2004/(35)}) (7... b5 8. a4 (8. e4 Nbd7 (8... h6 $5 9. Bxf6 (9. Bh4 g5 10.
Nxg5 hxg5 11. Bxg5 Rg8 12. h4 Nbd7 13. e5 Rxg5 14. hxg5 Nd5 15. g6 Qg5 $132)
9... gxf6 (9... Qxf6)) 9. e5 h6 10. exf6 hxg5 11. fxg7 Rg8 12. Qb1 {1-0 Van
Wely,L-Ribli,Z/Bundesliga2000/(21)}) 8... c6 9. g3 h6 10. Bxf6 gxf6 11. Bg2 Bb7
12. Qb1 a6 13. Nd2 Qc7 14. O-O Nd7 15. Qb4 c5 {1/2-1/2 Grischuk,A-Van Wely,L/
Wijk aan Zee 2005/CBM 105(24)}) 8. e4 h6 (8... b5 9. e5 h6) 9. Bh4 (9. Bxf6
Nxf6 10. Qb1 (10. e5 Nd5) 10... c6 11. Bxc4 Qa5) 9... g5 10. Bg3 b5 (10... Nxe4
11. Bxc4 Nxg3 12. fxg3 c5 13. O-O O-O 14. Qd3 cxd4 15. cxd4 Qf6 16. h4 $44 {
1-0 Borovikov,V-Gritsak,O/Ordzhonikidze 2000/(29)}) 11. Qb1 {Weiß verteidigt
seinen e4-Bauern und es "hängt" der Bauer auf b5.} (11. Nd2) 11... a6 (11...
Rb8 12. Ne5 $44 (12. Be2 $44)) 12. Be2 (12. a4 Bb7 13. Nd2 c5 $132) 12... c5 (
12... Bb7 $5) 13. O-O cxd4 14. Nxd4 $44 {[%csl Ge2,Re8,Gg3] Weiß hat einen
Bauern weniger, aber er hat das Läuferpaar und gute Entwicklung, während die
schwarze Bauernstellung schwach ist. Der schwarze König steht wenig glücklich
im Zentrum.} Bb7 15. f3 Nh5 16. a4 (16. Bxc4 $2 Nxg3 17. hxg3 Qb6) (16. Bf2 Nf4
17. Bxc4 Qc7 18. Bb3 Qxc3 19. Rc1 $44) 16... Nxg3 17. hxg3 Qc7 (17... Qb6 $2
18. axb5 e5 19. bxa6 $16) (17... g4 18. f4 (18. axb5 gxf3 19. Bxf3 (19. gxf3
Rg8) 19... Qc7 20. bxa6 Rxa6 21. Rxa6 Bxa6 22. Qb4) 18... Nc5) 18. axb5 a5 (
18... Qxg3 $2 19. bxa6) 19. b6 $1 {Ein starker Zug: Weiß möchte die Stellung
am Damenflügel öffnen, sonst kann Schwarz 19...Nb6 ziehen.} Qc5 (19... Qxb6 20.
Qxb6 Nxb6 21. Rfb1 Ra6 22. Bxc4 Nxc4 23. Rxb7 O-O 24. Rc7 $14) (19... Nxb6 20.
Qb5+ Nd7 21. Rfd1 $44 (21. Rfb1 Ra7 22. Ra4)) 20. Qb5 $1 {Weiß tauscht die
aktive schwarze Dame und bekommt nun dauerhafte Initiative am Damenflügel.} (
20. Kh2 a4) 20... Qxb5 21. Nxb5 Ke7 22. Nc7 {[%csl Ra5,Gb6,Rc4,Gc7]} Rab8 23.
Rxa5 Nxb6 24. Rb1 $16 {[%cal Gb1b8][%mdl 2048]} Nd7 25. Rb4 {[%csl Rc4]} (25.
Bxc4 $2 Rhc8) (25. Rab5 Bc6 26. Rxb8 Rxb8 27. Rxb8 Nxb8 28. Bxc4 Kd6 29. Na6
Nxa6 30. Bxa6 f5 $14) 25... Rhc8 26. Rxc4 (26. Nb5) 26... Nb6 27. Rb4 Nd7 (
27... Rxc7 $6 28. Rxb6 Rbc8 $16 (28... Rxc3 $2 29. Ra7 Rc7 30. Ba6 $18)) 28.
Nb5 {Weiß hat einen Bauern mehr und aktives Figurenspiel am Damenflügel.} Rc6
29. Ra7 Rb6 30. Nd4 Kd6 (30... Rxb4 31. cxb4) 31. Kf2 Bc8 32. Rxb6+ Rxb6 33.
Nb5+ Ke7 34. Ke3 (34. e5 $142 Kd8 (34... Ra6 35. Nd6 $1 $18) 35. f4 $16) 34...
Ra6 35. Rxa6 (35. Rc7 Kd8) 35... Bxa6 36. Nc7 Bxe2 37. Kxe2 {[%csl Gc3][%mdl
4096] Im Springerendspiel hat Weiß einen Bauern mehr. Wegen des reduzierten
Materials hat Schwarz einige Remischancen, aber der weiße Mehrbauer bleibt ein
wichtiger Faktor.} Kd6 38. Na6 f5 $1 {Schwarz möchte das Material weiter
reduzieren, um sich besser verteidigen zu können.} 39. exf5 exf5 40. Nb4 Nf6 (
40... Kc5 41. Nc2) 41. Nc2 Nh5 42. Kf2 f4 (42... Kc5 43. Ne3 f4 44. Nf5 $16)
43. g4 (43. gxf4 Nxf4) 43... Nf6 44. Ke2 h5 $15 45. gxh5 Nxh5 46. Kd3 Ng3 47.
Nd4 Kd5 48. c4+ Kd6 (48... Kc5 $2 49. Ne6+ $18) 49. Nc2 Kc5 50. Nd4 Kd6 51. Kc3
Nf1 52. Nb5+ Ke5 53. c5 Kd5 54. Kb4 Ne3 {[%csl Rg2][%cal Re3g2]} 55. Nc7+ Kc6
56. Ne6 Nxg2 57. Nxg5 Ne3 {Schwarz hat aufgrund des reduzierten Materials gute
Remischancen.} (57... Ne1 58. Kc4 Nc2) 58. Ne6 Nc2+ 59. Kc4 Ne3+ 60. Kd4 Nf5+
61. Kc4 Ne3+ 62. Kd3 Nf5 $4 {Ein unglaublicher Fehler!} (62... Nf1 $1 63. Ke2 (
63. Nxf4 Nh2 $11) 63... Nh2 $11) 63. Nd4+ $18 {[%cal Rd4c6,Rd4f5]} 1-0